[Event "Open Ricany 2012"]
[Site "http://www.openricany.cz/"]
[Date "2012.08.29"]
[Round "5.17"]
[White "Moravec, Vit"]
[Black "Koper, Stefan"]
[Result "1/2-1/2"]
[WhiteElo "2115"]
[BlackElo "1989"]
[PlyCount "218"]
[EventDate "2012.??.??"]

1. e4 d6 2. d4 g6 3. Nc3 Bg7 4. Be3 Nc6 5. Bc4 e5 6. Nge2 Nf6 7. f3 a6 8. a4
Bd7 9. Qd2 exd4 10. Nxd4 Nxd4 11. Bxd4 O-O 12. O-O Be6 13. Bxe6 fxe6 14. Rad1
e5 15. Be3 Qe8 16. a5 Qc6 17. Nd5 Nxd5 18. Qxd5+ Qxd5 19. Rxd5 Rf7 20. c4 Bf8
21. Rd3 c5 22. Kf2 Rb8 23. Ra1 b5 24. axb6 Rxb6 25. b3 Rfb7 26. Ra3 Rf7 27. Ke2
h6 28. Kd1 g5 29. Kc2 Kh7 30. Rd1 Kg6 31. Rda1 Rfb7 32. R1a2 h5 33. Rxa6 g4 34.
Rxb6 Rxb6 35. Ra8 Bg7 36. Ra1 Bf6 37. Bd2 gxf3 38. gxf3 Bh4 39. Rb1 Bf2 40. Ra1
h4 41. Ra8 Kf6 42. Rg8 Ra6 43. Rg2 Bd4 44. Rg4 Ra2+ 45. Kd3 Rb2 46. Rxh4 Rxb3+
47. Ke2 Rb2 48. Kd1 Rb1+ 49. Kc2 Rb2+ 50. Kc1 Ra2 51. f4 exf4 52. Bxf4 Be5 53.
Bd2 Ra4 54. Kc2 Rxc4+ 55. Kd3 Ra4 56. Bc1 c4+ 57. Kc2 Ra2+ 58. Kb1 Re2 59. Ba3
c3 60. Rh6+ Ke7 61. Rh7+ Kd8 62. Rf7 Rxh2 63. Rf3 Kc7 64. Kc1 Kc6 65. Bb4 c2
66. Bd2 Re2 67. Kxc2 Rxe4 68. Kd3 Ra4 69. Ke2 Ra2 70. Kd3 Kd5 71. Rf8 Ra3+ 72.
Ke2 Ke4 73. Rg8 Ra2 74. Rg4+ Kf5 75. Rg5+ Kf6 76. Rg2 Ke6 77. Kd3 Kd5 78. Rg4
Ra3+ 79. Ke2 Rh3 80. Be3 Rh2+ 81. Kd3 Ra2 82. Rh4 Ra3+ 83. Ke2 Rb3 84. Ra4 Ke6
85. Rh4 Bf6 86. Re4+ Be5 87. Rh4 Kd7 88. Ra4 Kc6 89. Ra6+ Kb5 90. Rb6+ Kc4 91.
Rxb3 Kxb3 92. Kd3 Kb4 93. Ba7 d5 94. Bd4 Bh2 95. Bf2 Kb5 96. Ba7 Kc6 97. Bf2
Bd6 98. Bg1 Bc5 99. Bxc5 Kxc5 100. Kc3 d4+ 101. Kd3 Kd5 102. Kd2 Ke4 103. Ke2
d3+ 104. Kd1 Ke3 105. Ke1 Ke4 106. Kd2 Kd4 107. Kd1 Ke3 108. Ke1 d2+ 109. Kd1
Kd3 1/2-1/2

[Event "Open Ricany 2012"]
[Site "http://www.openricany.cz/"]
[Date "2012.08.29"]
[Round "5.18"]
[White "Skacel, Jan"]
[Black "Janacek, Jaroslav"]
[Result "1/2-1/2"]
[WhiteElo "2105"]
[BlackElo "2020"]
[PlyCount "57"]
[EventDate "2012.??.??"]

1. d4 d6 2. g3 e5 3. dxe5 dxe5 4. Qxd8+ Kxd8 5. Nf3 f6 6. Bg2 c6 7. O-O Bf5 8.
c3 Nd7 9. Nbd2 g5 10. Nb3 Be7 11. Be3 Kc7 12. Nfd2 Nh6 13. f3 a5 14. a4 Be6 15.
Bf2 Nf7 16. Rfe1 b6 17. Bf1 Nd6 18. e4 h5 19. Rad1 Rac8 20. Nc1 h4 21. f4 Rce8
22. b3 Rhf8 23. Nd3 Nb8 24. Nb2 Nb7 25. Bc4 Bc5 26. Bxc5 Nxc5 27. b4 axb4 28.
cxb4 Bxc4 29. bxc5 {dale necitelne} 1/2-1/2

[Event "Open Ricany 2012"]
[Site "http://www.openricany.cz/"]
[Date "2012.08.29"]
[Round "5.19"]
[White "Vavrinec, Tomas"]
[Black "Kratochvil, Jakub"]
[Result "1/2-1/2"]
[WhiteElo "2018"]
[BlackElo "2195"]
[PlyCount "96"]
[EventDate "2012.??.??"]

1. c4 e5 2. Nc3 Nf6 3. g3 Nc6 4. Bg2 Bc5 5. d3 O-O 6. Nf3 d6 7. O-O h6 8. a3 a6
9. b4 Ba7 10. Bb2 Ne7 11. c5 Ng6 12. cxd6 Qxd6 13. Rc1 Bf5 14. Nd2 c6 15. Na4
Rad8 16. Nc5 Qe7 17. Qc2 Bc8 18. Ndb3 Rfe8 19. Na5 Nd5 20. Nxa6 bxa6 21. Nxc6
Qb7 22. Nxd8 Rxd8 23. Qc6 Qxc6 24. Rxc6 Bb7 25. Rc2 f6 26. Rfc1 Bb6 27. a4 Nf8
28. b5 axb5 29. axb5 Ne6 30. e3 Rd7 31. Ba3 Kf7 32. Bh3 Rc7 33. Bd6 Rxc2 34.
Rxc2 Ndc7 35. Rb2 Ke8 36. Bg2 Bxg2 37. Kxg2 Kd7 38. Ba3 g6 39. Kf3 f5 40. g4 f4
41. h4 g5 42. hxg5 Nxg5+ 43. Ke2 Nd5 44. Bf8 Nf7 45. e4 Nc7 46. Rb1 Ne6 47. Ba3
Nd4+ 48. Kd2 Ba5+ 1/2-1/2

[Event "Open Ricany 2012"]
[Site "http://www.openricany.cz/"]
[Date "2012.08.29"]
[Round "5.20"]
[White "Pospisil, Martin"]
[Black "Hanl, Frantisek"]
[Result "1/2-1/2"]
[WhiteElo "2084"]
[BlackElo "1911"]
[PlyCount "28"]
[EventDate "2012.??.??"]

1. d4 c5 2. d5 Nf6 3. c4 b5 4. cxb5 a6 5. bxa6 g6 6. g3 d6 7. Bg2 Bxa6 8. Nf3
Bg7 9. O-O Nbd7 10. Re1 Nb6 11. e4 O-O 12. Nc3 Nfd7 13. Qc2 Nc4 14. Bf1 Nde5
1/2-1/2

[Event "Open Ricany 2012"]
[Site "http://www.openricany.cz/"]
[Date "2012.08.29"]
[Round "5.21"]
[White "Danilov, Viacheslav"]
[Black "Janicek, Jindrich"]
[Result "0-1"]
[WhiteElo "1900"]
[BlackElo "2053"]
[PlyCount "78"]
[EventDate "2012.??.??"]

1. e4 c5 2. Nf3 e6 3. d4 cxd4 4. Nxd4 Nc6 5. Be3 a6 6. Nc3 Qc7 7. Qd2 Nf6 8. f3
Be7 9. Be2 d6 10. O-O-O b5 11. Bd3 Ne5 12. Kb1 Nc4 13. Bxc4 Qxc4 14. g4 Qc7 15.
h4 Nd7 16. Bg5 Bf8 17. h5 h6 18. Be3 Ne5 19. Qg2 Bb7 20. g5 hxg5 21. Bxg5 Nc4
22. h6 Rh7 23. Qe2 gxh6 24. b3 Qa5 25. bxc4 Qb4+ 26. Nb3 Qxc3 27. cxb5 axb5 28.
Qxb5+ Bc6 29. Bd2 Qxc2+ 30. Kxc2 Bxb5 31. Bb4 Rxa2+ 32. Kb1 Ra6 33. Rh5 Ba4 34.
Kb2 Rb6 35. Ka3 Bxb3 36. Kxb3 d5 37. Rd4 Bc5 38. exd5 Bxd4 39. dxe6 fxe6 0-1

[Event "Open Ricany 2012"]
[Site "http://www.openricany.cz/"]
[Date "2012.08.29"]
[Round "5.22"]
[White "Groh, Jiri"]
[Black "Hadrava, Jaroslav"]
[Result "1-0"]
[WhiteElo "2049"]
[BlackElo "1914"]
[PlyCount "79"]
[EventDate "2012.??.??"]

1. c4 c6 2. Nf3 Nf6 3. Nc3 d5 4. e3 e6 5. d4 Be7 6. Be2 O-O 7. O-O Nbd7 8. Qc2
dxc4 9. Bxc4 b5 10. Bb3 Bb7 11. Bd2 a6 12. a4 Qb6 13. e4 Rfc8 14. e5 Nd5 15.
Bg5 Qd8 16. Ne4 h6 17. Bxe7 Nxe7 18. Nd6 Rcb8 19. Qe4 Nf8 20. Bc2 Bc8 21. Rac1
Bd7 22. Bb3 Nd5 23. Rc2 Nb6 24. Qf4 Qe7 25. a5 Nc8 26. Ne4 Be8 27. Rc3 Qd8 28.
Nh4 g5 29. Nf6+ Kg7 30. Nxe8+ Qxe8 31. Qf6+ Kh7 32. Bc2+ Kg8 33. Rg3 Ng6 34.
Bxg6 fxg6 35. Nxg6 Kh7 36. Nf8+ Kg8 37. Nxe6 Ra7 38. Qxh6 Rh7 39. Rxg5+ Kh8 40.
Qf6+ 1-0

[Event "Open Ricany 2012"]
[Site "http://www.openricany.cz/"]
[Date "2012.08.29"]
[Round "5.23"]
[White "Voracek, Zdenek"]
[Black "Vlcek, Vilem"]
[Result "1-0"]
[WhiteElo "2045"]
[BlackElo "1461"]
[PlyCount "47"]
[EventDate "2012.??.??"]

1. d4 Nf6 2. c4 g6 3. Nc3 d5 4. cxd5 Nxd5 5. e4 Nxc3 6. bxc3 Bg7 7. Bc4 c5 8.
Ne2 e6 9. O-O O-O 10. Ba3 Qc7 11. Bxc5 Rd8 12. Qd3 b6 13. Ba3 Nd7 14. Bb3 Nc5
15. Qe3 Nb7 16. e5 Na5 17. Ng3 Ba6 18. Rfe1 Rac8 19. Ne4 Bc4 20. Rab1 Bd5 21.
Nd6 Nxb3 22. axb3 Qxc3 23. Nxc8 Rxc8 24. Rec1 1-0

[Event "Open Ricany 2012"]
[Site "http://www.openricany.cz/"]
[Date "2012.08.29"]
[Round "5.24"]
[White "Lacha, Jan"]
[Black "Hrdina, Robin"]
[Result "1/2-1/2"]
[WhiteElo "1891"]
[BlackElo "2024"]
[PlyCount "68"]
[EventDate "2012.??.??"]

1. d4 Nf6 2. Nc3 d6 3. e4 g6 4. Be3 c6 5. Qd2 Nbd7 6. h3 b5 7. Bd3 Bb7 8. Nf3
Bg7 9. e5 b4 10. Ne4 Nxe4 11. Bxe4 d5 12. Bd3 Qb6 13. c3 bxc3 14. bxc3 Ba6 15.
O-O e6 16. Rfb1 Qa5 17. Bxa6 Qxa6 18. Bh6 O-O 19. Bxg7 Kxg7 20. Rb3 Rab8 21.
Rab1 Rxb3 22. Rxb3 Rb8 23. Rxb8 Nxb8 24. h4 h6 25. h5 Qb5 26. hxg6 Qb1+ 27. Ne1
fxg6 28. Kh2 Nd7 29. Nd3 g5 30. g4 Qf1 31. f4 Qf3 32. fxg5 Qxg4 33. gxh6+ Kh7
34. Nf2 Qh5+ 1/2-1/2

[Event "Open Ricany 2012"]
[Site "http://www.openricany.cz/"]
[Date "2012.08.29"]
[Round "5.25"]
[White "Marikova, Jana"]
[Black "Boucek, Vlastimil"]
[Result "1-0"]
[WhiteElo "1887"]
[BlackElo "2008"]
[PlyCount "81"]
[EventDate "2012.??.??"]

1. d4 d5 2. c4 Nf6 3. cxd5 Nxd5 4. e4 Nf6 5. Nc3 e6 6. Nf3 Be7 7. Be2 O-O 8.
O-O c6 9. Bg5 Nfd7 10. Bxe7 Qxe7 11. Qc2 Rd8 12. Rad1 Nf8 13. d5 e5 14. Rd2 Bg4
15. Rfd1 Bxf3 16. Bxf3 Re8 17. Qb3 Na6 18. Be2 Nc5 19. Qa3 cxd5 20. exd5 b6 21.
Bb5 Red8 22. Ne4 Ng6 23. d6 Qe6 24. Nxc5 bxc5 25. Qxc5 Nf4 26. d7 g5 27. Bc6
Rab8 28. Rd6 Qf5 29. b3 Rb6 30. f3 Ne6 31. Qa5 Qc2 32. Be4 Qc7 33. Qxe5 Rxd7
34. Bxh7+ Kxh7 35. Qf5+ Kg7 36. Rxd7 Qc5+ 37. Qxc5 Nxc5 38. Rxa7 Ne6 39. Rdd7
Nf4 40. Rxf7+ Kg6 41. Rg7+ 1-0

[Event "Open Ricany 2012"]
[Site "http://www.openricany.cz/"]
[Date "2012.08.29"]
[Round "5.26"]
[White "Pavlicek, Petr"]
[Black "Kylar, Miroslav"]
[Result "1-0"]
[WhiteElo "2001"]
[BlackElo "1907"]
[PlyCount "33"]
[EventDate "2012.??.??"]

1. c4 e5 2. Nc3 Nf6 3. Nf3 Nc6 4. g3 d5 5. cxd5 Nxd5 6. Bg2 Nxc3 7. bxc3 e4 8.
Ng1 f5 9. h4 Be6 10. Nh3 Ne5 11. Nf4 Bf7 12. O-O c6 13. Re1 Be7 14. d3 exd3 15.
exd3 Ng6 16. Nxg6 hxg6 17. Bg5 1-0

[Event "Open Ricany 2012"]
[Site "http://www.openricany.cz/"]
[Date "2012.08.29"]
[Round "5.27"]
[White "Cizek, Ondrej"]
[Black "Sargsyan, Karen"]
[Result "0-1"]
[WhiteElo "1869"]
[BlackElo "1932"]
[PlyCount "76"]
[EventDate "2012.??.??"]

1. e4 c5 2. c3 e5 3. Nf3 Nc6 4. Bc4 a6 5. d3 h6 6. O-O Nf6 7. Re1 Be7 8. Nbd2
O-O 9. Nf1 d6 10. Bd2 Na5 11. Bb3 Nxb3 12. Qxb3 Qc7 13. d4 Be6 14. d5 Bg4 15.
Ng3 Ne8 16. h3 Bd7 17. Rac1 Nf6 18. Be3 Nh7 19. Rcd1 Ng5 20. Bxg5 Bxg5 21. Nf5
Bf6 22. Qc2 g6 23. Nxh6+ Kg7 24. Ng4 Be7 25. Qd2 f6 26. Ne3 Rh8 27. b4 b6 28.
bxc5 bxc5 29. Rb1 Qc8 30. Nc4 Bxh3 31. Nh2 Bxg2 32. Re3 Rxh2 33. Kxh2 Qg4 34.
Rg3 Rh8+ 35. Kxg2 Qxe4+ 36. f3 Qxb1 37. Kf2 Rh1 38. Qe2 Rc1 0-1

[Event "Open Ricany 2012"]
[Site "http://www.openricany.cz/"]
[Date "2012.08.29"]
[Round "5.29"]
[White "Franek, Jan"]
[Black "Konvalinka, Vladislav"]
[Result "1/2-1/2"]
[WhiteElo "1979"]
[BlackElo "1908"]
[PlyCount "62"]
[EventDate "2012.??.??"]

1. e4 e6 2. d4 d5 3. Nc3 Nf6 4. Bg5 Be7 5. e5 Nfd7 6. h4 Bxg5 7. hxg5 Qxg5 8.
Nh3 Qe7 9. Nf4 Nc6 10. Qg4 g6 11. O-O-O Nf8 12. Qg3 Qd8 13. Be2 Ne7 14. Bd3 Bd7
15. Qf3 Bc6 16. g4 Qd7 17. Nh3 Ng8 18. Ng5 Qe7 19. Qe3 O-O-O 20. f4 h6 21. f5
gxf5 22. gxf5 exf5 23. Bxf5+ Ne6 24. Rdf1 Be8 25. Nh3 Kb8 26. Nf4 c6 27. Rhg1
Ng5 28. Qg3 Ka8 29. Nh3 f6 30. exf6 Qxf6 31. Nxg5 Qxg5+ 1/2-1/2

[Event "Open Ricany 2012"]
[Site "http://www.openricany.cz/"]
[Date "2012.08.29"]
[Round "5.30"]
[White "Alfimov, Igor"]
[Black "Halla, Jiri"]
[Result "1-0"]
[WhiteElo "1969"]
[BlackElo "1885"]
[PlyCount "79"]
[EventDate "2012.??.??"]

1. d4 Nf6 2. c4 g6 3. Nc3 Bg7 4. e4 d6 5. Nf3 O-O 6. Be2 e5 7. d5 Nbd7 8. Bg5
h6 9. Bh4 g5 10. Bg3 Nh5 11. h4 Nxg3 12. fxg3 g4 13. Nd2 h5 14. Bd3 Nc5 15. Qe2
f5 16. exf5 Nxd3+ 17. Qxd3 Bxf5 18. Nde4 Qe8 19. O-O Qg6 20. Qe2 Bh6 21. Rae1
Rf7 22. b4 a5 23. a3 b6 24. c5 axb4 25. axb4 bxc5 26. bxc5 Bxe4 27. Rxf7 Kxf7
28. Nxe4 Ra3 29. Rf1+ Kg8 30. Nf6+ Kh8 31. Qb5 Be3+ 32. Kh1 Qf7 33. Qb8+ Kg7
34. Nxh5+ Kg6 35. Rxf7 Kxf7 36. Qxc7+ Kg6 37. Qxd6+ Kf5 38. Qe6+ Ke4 39. Nf6+
Kd4 40. Nxg4 1-0

[Event "Open Ricany 2012"]
[Site "http://www.openricany.cz/"]
[Date "2012.08.29"]
[Round "5.31"]
[White "Krejci, Martin"]
[Black "Fencl, Pavel"]
[Result "0-1"]
[WhiteElo "1923"]
[BlackElo "1966"]
[PlyCount "80"]
[EventDate "2012.??.??"]

1. e4 g6 2. d4 c6 3. Nc3 d5 4. Nf3 Bg4 5. Be2 e6 6. h3 Bxf3 7. Bxf3 Bg7 8. exd5
cxd5 9. O-O Nf6 10. Bf4 a6 11. Ne2 O-O 12. c3 Nc6 13. Nc1 Na5 14. Nd3 Nd7 15.
Re1 Nc4 16. Qb3 g5 17. Bg3 b5 18. a4 Qb6 19. axb5 Qxb5 20. Qxb5 axb5 21. h4 h6
22. hxg5 hxg5 23. Be2 f5 24. f4 g4 25. Nb4 Kf7 26. b3 Nd6 27. Bf2 Nf6 28. Nc6
Nfe4 29. Ne5+ Kg8 30. c4 bxc4 31. bxc4 Bxe5 32. dxe5 Nxc4 33. Bd4 Ncd2 34. Be3
Nb3 35. Rxa8 Rxa8 36. Rb1 d4 37. Bf2 g3 38. Be1 Nbc5 39. Bf3 Rd8 40. Ba5 Rd7
0-1

[Event "Open Ricany 2012"]
[Site "http://www.openricany.cz/"]
[Date "2012.08.29"]
[Round "5.32"]
[White "Prochazka, Petr"]
[Black "Havelka, Petr"]
[Result "1-0"]
[WhiteElo "1997"]
[BlackElo "1907"]
[PlyCount "83"]
[EventDate "2012.??.??"]

1. e4 d5 2. exd5 Qxd5 3. Nf3 Nf6 4. d4 c6 5. Be2 Bg4 6. O-O e6 7. Bf4 Be7 8.
Nbd2 O-O 9. Re1 Nbd7 10. Nf1 Qa5 11. Ng3 Nh5 12. Nxh5 Bxh5 13. Ne5 Bxe2 14.
Qxe2 Nf6 15. c3 c5 16. dxc5 Qxc5 17. Rad1 Rad8 18. Bg5 h6 19. Bxf6 Rxd1 20.
Rxd1 Bxf6 21. Nd7 Qa5 22. Nxf8 Kxf8 23. a3 Ke7 24. Qc4 Be5 25. Qb4+ Qxb4 26.
axb4 a6 27. Kf1 h5 28. h3 g6 29. Ke2 Ke8 30. Rd3 Ke7 31. Kd2 Bf6 32. Kc2 Be5
33. Kb3 h4 34. b5 axb5 35. Kb4 g5 36. Kxb5 Bc7 37. c4 f5 38. c5 e5 39. c6 bxc6+
40. Kxc6 Bb8 41. f3 Ke6 42. Rd8 1-0

[Event "Open Ricany 2012"]
[Site "http://www.openricany.cz/"]
[Date "2012.08.29"]
[Round "5.33"]
[White "Vlcek, Marek"]
[Black "Rezac, Jindrich"]
[Result "1-0"]
[WhiteElo "1952"]
[BlackElo "1874"]
[PlyCount "55"]
[EventDate "2012.??.??"]

1. d4 d5 2. Nf3 Nf6 3. e3 e6 4. Bd3 Bd6 5. Nbd2 O-O 6. O-O c5 7. b3 Nbd7 8. Bb2
Qc7 9. c4 e5 10. cxd5 exd4 11. exd4 Nxd5 12. Nc4 Be7 13. Rc1 Qf4 14. dxc5 Nb4
15. Bb1 Nxc5 16. a3 Nc6 17. Qc2 Qh6 18. Rfe1 Be6 19. b4 Nd7 20. b5 Nd8 21. Nce5
Nxe5 22. Nxe5 Bf6 23. a4 Re8 24. Ng4 Qh4 25. Bxf6 gxf6 26. Qxh7+ Qxh7 27. Nxf6+
Kh8 28. Nxh7 1-0

[Event "Open Ricany 2012"]
[Site "http://www.openricany.cz/"]
[Date "2012.08.29"]
[Round "5.34"]
[White "Hlina, Milos"]
[Black "Petrun, Milan"]
[Result "0-1"]
[WhiteElo "1857"]
[BlackElo "1925"]
[PlyCount "80"]
[EventDate "2012.??.??"]

1. d4 Nf6 2. Nf3 e6 3. e3 c5 4. Bd3 d5 5. c3 Nc6 6. Nbd2 Qc7 7. O-O b6 8. Re1
Bd6 9. h3 Bb7 10. b3 O-O 11. Bb2 cxd4 12. exd4 Rac8 13. Qe2 Nh5 14. Nf1 Nf4 15.
Qc2 Nxd3 16. Qxd3 Rfe8 17. Ne3 Nb8 18. Ng5 g6 19. Ng4 Kg7 20. Qf3 Qe7 21. Qe3
Nd7 22. Nf3 f6 23. h4 Kh8 24. g3 Rc7 25. Rac1 Ba3 26. Qd2 Bxb2 27. Qxb2 h5 28.
Ngh2 Qd6 29. Qd2 Kg7 30. g4 hxg4 31. Nxg4 Rh8 32. Qe3 Nf8 33. c4 dxc4 34. bxc4
Bxf3 35. Qxf3 f5 36. c5 bxc5 37. dxc5 Qc6 38. Qxc6 Rxc6 39. Ne5 Rc7 40. Nc6 Kf6
{Dale necitelne.} 0-1

[Event "Open Ricany 2012"]
[Site "http://www.openricany.cz/"]
[Date "2012.08.29"]
[Round "5.35"]
[White "Berg, Antonin"]
[Black "Koys, Milan"]
[Result "0-1"]
[WhiteElo "1808"]
[BlackElo "2104"]
[PlyCount "48"]
[EventDate "2012.??.??"]

1. e4 Nf6 2. e5 Nd5 3. d4 d6 4. c4 Nb6 5. exd6 cxd6 6. Nc3 g6 7. Nf3 Bg7 8. Be2
O-O 9. O-O Bg4 10. Be3 Nc6 11. b3 e6 12. Rc1 d5 13. c5 Nc8 14. a3 N8e7 15. h3
Bxf3 16. Bxf3 e5 17. Nb5 e4 18. Be2 Nf5 19. Bg4 a6 20. Bxf5 axb5 21. Bxe4 dxe4
22. d5 Ne5 23. c6 bxc6 24. dxc6 Nd3 0-1

[Event "Open Ricany 2012"]
[Site "http://www.openricany.cz/"]
[Date "2012.08.29"]
[Round "5.36"]
[White "Sedivy, Ondrej"]
[Black "Plchot, Miroslav"]
[Result "1/2-1/2"]
[WhiteElo "1784"]
[BlackElo "1914"]
[PlyCount "90"]
[EventDate "2012.??.??"]

1. c4 e5 2. Nc3 Bb4 3. g3 Nc6 4. Bg2 f5 5. e3 Nf6 6. Nge2 O-O 7. O-O Bxc3 8.
bxc3 e4 9. Nd4 Ne7 10. Ba3 d6 11. c5 dxc5 12. Bxc5 b6 13. Bxe7 Qxe7 14. d3 c5
15. Ne2 Ba6 16. d4 Kh8 17. Re1 Qf7 18. Bf1 Rac8 19. Qd2 g5 20. a4 h5 21. h3 h4
22. Kg2 Rc6 23. Ng1 Bxf1+ 24. Rxf1 g4 25. hxg4 Nxg4 26. Nh3 Rg8 27. Rh1 Rh6 28.
Rag1 Nf6 29. Nf4 Nd5 30. Nxd5 Qxd5 31. Qe2 Qb3 32. Rb1 Qxa4 33. Ra1 Qd7 34. Qa6
Rg7 35. Ra4 Rgh7 36. dxc5 bxc5 37. Qc4 h3+ 38. Kh2 Rd6 39. Qxc5 a6 40. Rd4 Rhh6
41. Rhd1 Rxd4 42. Qf8+ Kh7 43. Rxd4 Qe6 44. Rd8 a5 45. Qh8+ Kg6 {dale necitelne
} 1/2-1/2

[Event "Open Ricany 2012"]
[Site "http://www.openricany.cz/"]
[Date "2012.08.29"]
[Round "5.37"]
[White "Tvrdy, Jindrich"]
[Black "Kyselka, Daniel"]
[Result "1-0"]
[WhiteElo "1908"]
[BlackElo "1830"]
[PlyCount "73"]
[EventDate "2012.??.??"]

1. e4 c5 2. Nc3 d6 3. g3 Nf6 4. Bg2 Nc6 5. h3 g6 6. d3 Bg7 7. Be3 O-O 8. Qd2
Re8 9. Bh6 Bh8 10. Nf3 Nd7 11. Nd1 Rb8 12. O-O Nde5 13. Nh4 Qb6 14. f4 Nd7 15.
c3 e6 16. f5 exf5 17. exf5 Nde5 18. Kh2 Ne7 19. Ne3 Qb5 20. Be4 d5 21. Nxd5
Nxd5 22. Bxd5 Qxd3 23. Qxd3 Nxd3 24. fxg6 Re2+ 25. Kg1 hxg6 26. Rxf7 Be6 27.
Re7 Bxd5 28. Rxe2 Kh7 29. Bg5 Rf8 30. Rd1 c4 31. Rf1 Rc8 32. Re7+ Kg8 33. Nxg6
Bg7 34. Rd7 Be6 35. Rxb7 Kh7 36. Nf4 Nc5 37. Rxa7 {dale necitelne} 1-0

[Event "Open Ricany 2012"]
[Site "http://www.openricany.cz/"]
[Date "2012.08.29"]
[Round "5.38"]
[White "Havlicek, Pavel"]
[Black "Koller, Martin"]
[Result "0-1"]
[WhiteElo "1705"]
[BlackElo "1900"]
[PlyCount "48"]
[EventDate "2012.??.??"]

1. b4 e5 2. Bb2 f6 3. a3 a5 4. b5 d5 5. a4 Be6 6. e3 Nd7 7. d4 e4 8. Nd2 Nb6 9.
Ne2 f5 10. Nc1 Nf6 11. Be2 Bd6 12. Ncb3 O-O 13. Qc1 f4 14. Nb1 Ng4 15. g3 fxg3
16. fxg3 Nxh2 17. Ba3 Bxg3+ 18. Kd2 Rf2 19. Nc3 Qg5 20. Kd1 Nc4 21. Qb1 Nxe3+
22. Kc1 Nc4+ 23. Kd1 Qe3 24. Bb2 Rxe2 0-1

[Event "Open Ricany 2012"]
[Site "http://www.openricany.cz/"]
[Date "2012.08.29"]
[Round "5.39"]
[White "Paukert, Jan"]
[Black "Vystrcil, Martin"]
[Result "1/2-1/2"]
[WhiteElo "1853"]
[BlackElo "1681"]
[PlyCount "81"]
[EventDate "2012.??.??"]

1. d4 Nf6 2. Nf3 g6 3. g3 Bg7 4. Bg2 O-O 5. O-O d6 6. c4 Nbd7 7. Nc3 c6 8. e4
Nb6 9. Qd3 d5 10. exd5 cxd5 11. b3 Bf5 12. Qe2 Ne4 13. Nxd5 Nxd5 14. cxd5 Nc3
15. Qd2 Nxd5 16. Bb2 Be4 17. Rac1 Bxf3 18. Bxf3 e6 19. Ba3 Re8 20. Rc2 Rc8 21.
Rxc8 Qxc8 22. Rc1 Qd7 23. Bb2 Rc8 24. Rxc8+ Qxc8 25. a3 b6 26. Qd3 h5 27. Qc4
Qxc4 28. bxc4 Ne7 29. Be4 Nc8 30. Kf1 Nd6 31. Bd3 Kf8 32. Ke2 Ke7 33. f3 Nb7
34. Bc3 Kd6 35. Bc2 Kc7 36. Kd3 Kd7 37. Ba4+ Kc7 38. Bd2 e5 39. Be3 exd4 40.
Bxd4 Bxd4 41. Kxd4 1/2-1/2

[Event "Open Ricany 2012"]
[Site "http://www.openricany.cz/"]
[Date "2012.08.29"]
[Round "5.40"]
[White "Skvaril, Michal"]
[Black "Eisner, Oldrich"]
[Result "1/2-1/2"]
[WhiteElo "1728"]
[BlackElo "1833"]
[PlyCount "45"]
[EventDate "2012.??.??"]

1. e4 c5 2. Nf3 Nc6 3. d4 cxd4 4. Nxd4 g6 5. c4 Nf6 6. Nc3 d6 7. Be3 Bg7 8. Be2
O-O 9. O-O a6 10. f3 Bd7 11. Qd2 Nxd4 12. Bxd4 Bc6 13. Rfd1 Re8 14. b4 Nh5 15.
g3 Bxd4+ 16. Qxd4 Ng7 17. b5 Ne6 18. Qe3 axb5 19. cxb5 Bd7 20. Nd5 Nc5 21. b6
Ne6 22. Qb3 Bc6 23. Rd2 1/2-1/2

[Event "Open Ricany 2012"]
[Site "http://www.openricany.cz/"]
[Date "2012.08.29"]
[Round "5.41"]
[White "Filip, Vojtech"]
[Black "Nigrin, Jiri"]
[Result "1/2-1/2"]
[WhiteElo "1832"]
[BlackElo "1684"]
[PlyCount "59"]
[EventDate "2012.??.??"]

1. d4 g6 2. c4 Bg7 3. Nc3 Nf6 4. e4 d6 5. Nf3 O-O 6. Be2 b6 7. O-O Bb7 8. Qc2
Nbd7 9. a3 c5 10. d5 Rc8 11. Nd2 Re8 12. f4 e6 13. dxe6 Rxe6 14. Bf3 Nb8 15. g4
Nc6 16. Nb3 Ne8 17. g5 Nd4 18. Nxd4 Bxd4+ 19. Kg2 Nc7 20. Ne2 Qe8 21. Ng3 a6
22. Bd2 b5 23. Rae1 Re7 24. Bc3 Bxc3 25. Qxc3 bxc4 26. Qxc4 Qb5 27. Qxb5 Nxb5
28. f5 Nd4 29. f6 Re5 30. h4 1/2-1/2

[Event "Open Ricany 2012"]
[Site "http://www.openricany.cz/"]
[Date "2012.08.29"]
[Round "5.42"]
[White "Vitek, Jan"]
[Black "Cermak, Jan"]
[Result "1/2-1/2"]
[WhiteElo "1882"]
[BlackElo "1731"]
[PlyCount "25"]
[EventDate "2012.??.??"]

1. e4 c5 2. Nf3 Nc6 3. d4 cxd4 4. Nxd4 Nf6 5. Nc3 e5 6. Ndb5 d6 7. Bg5 a6 8.
Na3 b5 9. Nd5 Be7 10. Bxf6 Bxf6 11. c3 Rb8 12. Nc2 Bg5 13. Nce3 1/2-1/2

[Event "Open Ricany 2012"]
[Site "http://www.openricany.cz/"]
[Date "2012.08.29"]
[Round "5.43"]
[White "Jirousek, Filip"]
[Black "Havelka, Jan"]
[Result "0-1"]
[WhiteElo "1775"]
[BlackElo "1762"]
[PlyCount "70"]
[EventDate "2012.??.??"]

1. e4 c5 2. Nc3 Nc6 3. f4 e6 4. Bc4 Nge7 5. e5 d5 6. exd6 Nf5 7. Nb5 Nxd6 8.
Nxd6+ Bxd6 9. d3 O-O 10. Nf3 e5 11. fxe5 Nxe5 12. Nxe5 Bxe5 13. Qf3 Qh4+ 14. g3
Qh3 15. Qf1 Qxf1+ 16. Rxf1 Bh3 17. Rf2 Rfe8 18. Kd2 Bd4 19. Re2 Rxe2+ 20. Kxe2
Re8+ 21. Kf3 Re1 22. c3 Be3 23. Bxe3 Rxa1 24. Bxc5 a6 25. d4 Bd7 26. d5 b5 27.
Bb3 a5 28. a4 bxa4 29. Bc4 g6 30. Ba6 f6 31. c4 Kf7 32. Ke2 Rh1 33. Ba3 Rxh2+
34. Kf3 Rc2 35. c5 h5 0-1

[Event "Open Ricany 2012"]
[Site "http://www.openricany.cz/"]
[Date "2012.08.31"]
[Round "7.2"]
[White "Vesecky, Martin"]
[Black "Balacek, Tadeas"]
[Result "1/2-1/2"]
[WhiteElo "2114"]
[BlackElo "2178"]
[PlyCount "54"]
[EventDate "2012.??.??"]

1. d4 Nf6 2. Nf3 g6 3. c4 Bg7 4. Nc3 O-O 5. e4 d6 6. Be2 e5 7. O-O Nbd7 8. Be3
Re8 9. d5 Nh5 10. g3 Bf8 11. b4 Ng7 12. Ne1 f5 13. f3 Be7 14. Qd2 a5 15. Nd3
axb4 16. Nxb4 Nc5 17. Nd3 Nxd3 18. Bxd3 fxe4 19. Nxe4 Nf5 20. Bf2 b6 21. a4 Ra5
22. Rfb1 Bd7 23. Bc2 Qa8 24. Nc3 Rf8 25. Nb5 Bxb5 26. cxb5 Qd8 27. Be4 Bg5
1/2-1/2

[Event "Open Ricany 2012"]
[Site "http://www.openricany.cz/"]
[Date "2012.08.31"]
[Round "7.3"]
[White "Sodoma, Jan"]
[Black "Vesselovsky, Serguie"]
[Result "1-0"]
[WhiteElo "2386"]
[BlackElo "2360"]
[PlyCount "45"]
[EventDate "2012.??.??"]

1. d4 Nf6 2. c4 e6 3. Nf3 b6 4. a3 Ba6 5. Qc2 Bb7 6. Nc3 c5 7. e4 cxd4 8. Nxd4
d6 9. Be2 Nbd7 10. O-O a6 11. Be3 Be7 12. f4 Qc8 13. g4 h6 14. g5 hxg5 15. fxg5
Nh5 16. g6 Ne5 17. Rxf7 Nf6 18. Qa4+ Kd8 19. Nf5 Qc6 20. Qxc6 Bxc6 21. Bxb6+
Kd7 22. Nxd6 Kxd6 23. Rd1+ 1-0

[Event "Open Ricany 2012"]
[Site "http://www.openricany.cz/"]
[Date "2012.08.31"]
[Round "7.4"]
[White "Zvara, David"]
[Black "Postupa, Pavel"]
[Result "1-0"]
[WhiteElo "2059"]
[BlackElo "2141"]
[PlyCount "73"]
[EventDate "2012.??.??"]

1. d4 Nf6 2. Nf3 g6 3. Bf4 Bg7 4. e3 d6 5. Bc4 O-O 6. O-O c5 7. c3 b6 8. h3 Bb7
9. Nbd2 Nbd7 10. Re1 Qc7 11. a4 h6 12. Bh2 Rac8 13. Qe2 e5 14. dxe5 dxe5 15.
Ba6 Ne8 16. Bxb7 Qxb7 17. Nc4 f6 18. Red1 e4 19. Nh4 Ne5 20. Nxe5 fxe5 21. Nxg6
Rf5 22. Qg4 Rg5 23. Ne7+ Qxe7 24. Qxc8 Kh7 25. Qd7 Qf8 26. Qxa7 Nf6 27. Bg3 Nh5
28. Bh4 Rg6 29. Kh1 Qf5 30. Qd7 Qf8 31. a5 bxa5 32. Rxa5 Rb6 33. Rb5 Ra6 34.
Qb7 Ra4 35. b3 Ra8 36. Qxe4+ Kh8 37. Qxa8 1-0